000 00475nam a2200229Ia 4500
003 IT-RoPAU
008 120407s9999 xx 000 0 und d
040 _aIT-RoPAU
040 _cIT-RoPAU
041 _aita
100 _aGuglielmo Schmid
245 _aRazza e nazione
250 _aBrescia
260 _aMorcelliana
260 _c1938
300 _a188 p.
300 _c20 cm
490 _aProblemi e opinioni
490 _v10
942 _cBK
999 _c27747
_d27747